000 00620nam a2200181Ia 4500
005 20250508155216.0
008 008 250505s9999 xx 000 0 eng d
037 _aBooks to be hide in OPAC
040 _aFEDL
_beng
_cFEDL
041 _aeng
_2eng
084 _a370.52, JAP/O
_qFEDL
245 0 _aEducational developments in 1962-63: Report presented at the 26th international conference on public education, Geneva, July, 1963
245 0 _cJapan. Education, (Ministry of ...)
260 _aJapan
_bMinistry of Education
300 _a17p
942 _cHB
_h370.52, JAP/O
999 _c1355243
_d1355243